Stoffel: Die beste stories (Record no. 730755)

MARC details
000 -LEADER
fixed length control field 00350nam a2200145 4500
005 - DATE AND TIME OF LATEST TRANSACTION
control field 20241108073859.0
008 - FIXED-LENGTH DATA ELEMENTS--GENERAL INFORMATION
fixed length control field ENG
020 ## - INTERNATIONAL STANDARD BOOK NUMBER
International Standard Book Number <a href="9780798171113">9780798171113</a>
040 ## - CATALOGING SOURCE
Transcribing agency RDA
082 ## - DEWEY DECIMAL CLASSIFICATION NUMBER
Classification number 839.3635 BAKK
942 ## - ADDED ENTRY ELEMENTS
Creator ID 561
Creator Name John Tresidder
Modifier ID 496
Modifier Name Chrisna Calitz
100 ## - MAIN ENTRY--PERSONAL NAME
Personal name Bakkes C
245 #0 - TITLE STATEMENT
Title Stoffel: Die beste stories
Statement of responsibility, etc. C. BAKKES
942 ## - ADDED ENTRY ELEMENTS
item type Books
Source of classification or shelving scheme Dewey Decimal Classification
Holdings
Withdrawn status Lost status Damaged status Not for loan Home library Current library Date acquired Cost, normal purchase price Total Checkouts Full call number Barcode Date last seen Price effective from item type Source of classification or shelving scheme Collection code Shelving location
        Ermelo(main) Public Library Ermelo(main) Public Library 08.11.2024 408.61   839.3635 BAKK 33228031086223 08.11.2024 08.11.2024 Books Dewey Decimal Classification 800: Literature Non Fiction
        Mbombela City Library Mbombela City Library 05.09.2022 160.00   AF BAK 33229031079441 05.09.2022 05.09.2022 Books      
        Sabie Sabie 13.11.2024     AF BAKK 33228024713453 13.11.2024 13.11.2024 Books Dewey Decimal Classification   Fiction